Membina laman web (Record no. 101584)

MARC details
000 -LEADER
fixed length control field 00764nam a2200277 i 4500
001 - CONTROL NUMBER
control field C2-0297201
003 - CONTROL NUMBER IDENTIFIER
control field PPAK
005 - DATE AND TIME OF LATEST TRANSACTION
control field 20180728075438.0
008 - FIXED-LENGTH DATA ELEMENTS--GENERAL INFORMATION
fixed length control field 090513s2009 my |||| ||||| | may d
020 ## - INTERNATIONAL STANDARD BOOK NUMBER
International Standard Book Number 9789675065699
040 ## - CATALOGING SOURCE
Original cataloging agency PPAK
Language of cataloging eng
Transcribing agency PPAK
Description conventions rda
082 04 - DEWEY DECIMAL CLASSIFICATION NUMBER
Classification number 006.76
Edition number 23
090 00 - LOCALLY ASSIGNED LC-TYPE CALL NUMBER (OCLC); LOCAL CALL NUMBER (RLIN)
Classification number (OCLC) (R) ; Classification number, CALL (RLIN) (NR) 006.76
Feature heading ISK
Feature heading G
100 0# - MAIN ENTRY--PERSONAL NAME
Personal name Iskandar Ab Rashid,
Relator term author
245 10 - TITLE STATEMENT
Title Membina laman web
264 #1 - PRODUCTION, PUBLICATION, DISTRIBUTION, MANUFACTURE, AND COPYRIGHT NOTICE
Place of production, publication, distribution, manufacture Batu Caves, Selangor :
Name of producer, publisher, distributor, manufacturer Venton Publishing ,
Date of production, publication, distribution, manufacture, or copyright notice 2009
300 ## - PHYSICAL DESCRIPTION
Extent ii, 150 pages ;
Dimensions 25 cm
336 ## - CONTENT TYPE
Source rdacontent
Content type term text
337 ## - MEDIA TYPE
Source rdamedia
Media type term unmediated
338 ## - CARRIER TYPE
Source rdacarrier
Carrier type term volume
490 1# - SERIES STATEMENT
Series statement Siri kursus asas multimedia
650 10 - SUBJECT ADDED ENTRY--TOPICAL TERM
Topical term or geographic name entry element Web sites - Design
700 ## - ADDED ENTRY--PERSONAL NAME
Relator term author
830 #0 - SERIES ADDED ENTRY--UNIFORM TITLE
Uniform title Siri kursus asas multimedia
942 ## - ADDED ENTRY ELEMENTS (KOHA)
-- dc
Koha item type Book
Holdings
Withdrawn Not for loan Current library Shelving location Date acquired Full call number Barcode Date last seen Koha item type Total Checkouts Date last checked out
    Perpustakaan Alor Setar Pinjaman Dewasa 24/05/2009 006.76 ISK A01288675 09/05/2018 Book    
    Perpustakaan Awam Sungai Petani Pinjaman Dewasa 24/05/2009 006.76 ISK A01288676 09/05/2018 Book    
    Perpustakaan Baling Pinjaman Dewasa 24/05/2009 006.76 ISK A01288679 09/05/2018 Book    
    Perpustakaan Baling Pinjaman Dewasa 24/08/2009 006.76 ISK A01331953 09/05/2018 Book    
    Perpustakaan Bandar Baharu Pinjaman Dewasa 24/08/2009 006.76 ISK A01331948 09/05/2018 Book    
    Perpustakaan Jitra Pinjaman Dewasa 24/05/2009 006.76 ISK A01288677 09/05/2018 Book    
    Perpustakaan Kulim Pinjaman Dewasa 24/05/2009 006.76 ISK A01288678 11/10/2023 Book 1 05/09/2023
    Perpustakaan Langkawi Pinjaman Dewasa 24/08/2009 006.76 ISK A01331949 09/05/2018 Book    
    Perpustakaan Merbok Pinjaman Dewasa 24/05/2009 006.76 ISK A01288680 09/05/2018 Book    
    Perpustakaan Pendang Pinjaman Dewasa 24/08/2009 006.76 ISK A01331954 09/05/2018 Book    
    Perpustakaan Yan Pinjaman Dewasa 24/08/2009 006.76 ISK A01331950 09/05/2018 Book